Largest Cities ending in 'burg' - Statistics

General Stats
  • This quiz has been taken 62 times
  • The average score is 3 of 7
Answer Stats
Population City % Correct
2.88 M Hamburg
75%
5.6 M St Petersburg
75%
14.5 M Johannesburg
70%
2.08 M Pittsburgh
58%
1.2 M Nuremberg
28%
1.67 M Yekaterinburg
23%
1.36 M Harrisburg
7%
No matching quizzes found
Score Distribution
Percent of People with Each Score
Percentile by Number Answered
Your Score History
You have not taken this quiz